The Rhames and Hudson encyclopaedia of the arts./ (Record no. 111888)
[ view plain ]
| 000 -LEADER | |
|---|---|
| fixed length control field | 00495nam a22001697a 4500 |
| 003 - CONTROL NUMBER IDENTIFIER | |
| control field | BD-ChCU |
| 005 - DATE AND TIME OF LATEST TRANSACTION | |
| control field | 20260329130825.0 |
| 008 - FIXED-LENGTH DATA ELEMENTS--GENERAL INFORMATION | |
| fixed length control field | 260329b bg ||||| |||| 00| 0 ben d |
| 040 ## - CATALOGING SOURCE | |
| Transcribing agency | BD-ChCU |
| 082 ## - DEWEY DECIMAL CLASSIFICATION NUMBER | |
| Classification number | REF 703 THA |
| 100 ## - MAIN ENTRY--PERSONAL NAME | |
| Personal name | Herbert Read . |
| 9 (RLIN) | 20865 |
| 245 ## - TITLE STATEMENT | |
| Title | The Rhames and Hudson encyclopaedia of the arts./ |
| Statement of responsibility, etc. | Read Herbert. |
| 260 ## - PUBLICATION, DISTRIBUTION, ETC. | |
| Place of publication, distribution, etc. | London : |
| Name of publisher, distributor, etc. | Thames and Hudson . |
| Date of publication, distribution, etc. | C 1966 |
| 300 ## - PHYSICAL DESCRIPTION | |
| Extent | 966p. |
| 650 #0 - SUBJECT ADDED ENTRY--TOPICAL TERM | |
| Topical term or geographic name entry element | Arts - Encyclopedias and Dictionaries. |
| 9 (RLIN) | 20866 |
| 942 ## - ADDED ENTRY ELEMENTS (KOHA) | |
| Source of classification or shelving scheme | Dewey Decimal Classification |
| Koha item type | Books |
| Suppress in OPAC | No |
| Withdrawn status | Lost status | Source of classification or shelving scheme | Damaged status | Not for loan | Home library | Current library | Shelving location | Date acquired | Source of acquisition | Total Checkouts | Full call number | Barcode | Date last seen | Copy number | Price effective from | Koha item type |
|---|---|---|---|---|---|---|---|---|---|---|---|---|---|---|---|---|
| Dewey Decimal Classification | Chittagong University Library | Chittagong University Library | Reference | 03/29/2026 | Purchase | REF 703 THA | 72622 | 03/29/2026 | C-1 | 03/29/2026 | Books |